000 00380nam a2200145Ia 4500
008 230917s9999||||xx |||||||||||||| ||und||
040 _e107037
_aMAIN
041 _aEnglish
082 _a294.569 V837B:S
100 _aBhuyan, P R
245 0 _aSwami Vivekananda: Messiah of resurgent India
260 _aNew Delhi
_bAtlantic Publishers
_c2003
300 _a389 p.
942 _cBK
999 _c119882
_d119882